Регионална библиотека "Любен Каравелов" - Русе

Коледни приказки : вълшебен дар (Запис номер 493234)

MARC детайли
000 -Лидер
Контролно поле с фиксирана дължина 01540nam a2200277 c 4500
003 - Код на организацията, давaща контролен номер
Контролно поле BLK
005 - Дата и час на последна редакция
Контролно поле 20230802141625.0
008 - Елементи от данни с фиксирана дължина
fixed length control field 180408b bul|||||r ||||||| ||bul||
020 ## - Международен стандартен номер на книга ISBN
Международен стандартен номер на книга ISBN 9786192403652
040 ## - Източник на каталожния запис
Идентификатор на билиотеката - собственик на записа BLK
041 ## - Код за език
Код за езика на текст/звукозапис или на отделно заглавие Български
Код за езика КДБФ Български
080 ## - УДК
Текстов определител УДК Италианска литература
УДК код - определител по УДК 821.131.1
УДК определител -93-34
УДК - код + определител 821.131.1-93-34
080 ## - УДК
Текстов определител УДК Издания за деца и юноши. Книжки-картинки. Читанки. Вж и 372.4
УДК код - определител по УДК 087.5
УДК - код + определител 087.5
245 10 - Сведения за заглавието
Заглавие Коледни приказки : вълшебен дар
Подзаглавни данни 6 картонени книжки
Редно поле (дума) ил. Мария Рита Джентили.
260 ## - Област на издателските данни
Име на издателя, разпространителя и проч. ПАН
Година на издаване 2021
9 (RLIN) 209558
Място на издаване, разпространение и проч. София
Издателство - префикс ISBN 978-954-660- ; 978-954-657-
300 ## - Физическа характеристика
Страници 1 кутия (6 кн.)
Илюстрации и др. с цв. ил.
Размери/Мащаб 23 см ; мини книжки 7х7 см
380 ## - Жанр
Жанр Детска худож. лит.
500 ## - Общи забележки
Забележка Прев. от итал. език.
505 ## - Форматирана забележка
Заглавие Съдържа: Подарък за Коледа. - [10] с. : с цв. ил. ; 7 x 7 см ; Коледа на Северния полюс. - [10] с. : с цв. ил. ; 7 x 7 см ; Коледна песен. - [10] с. : с цв. ил. ; 7 x 7 см ; Дядо Коледа. - [10] с. : с цв. ил. ; 7 x 7 см ; Коледни чудеса. - [10] с. : с цв. ил. ; 7 x 7 см ; Джуджетата на Дядо Коледа. - [10] с. : с цв. ил. ; 7 x 7 см
700 1# - Други автори (авторска отговорност)
Лично име Джентили, Мария Рита
Автороска отговорност (Описва отношението между автора и произведението) ил.
9 (RLIN) 306043
852 ## - Местоположение
Форматна сигнатура Цб 318987
856 4# - Електронен адрес и достъп
Електронен формат pdf - файл
856 4# - Електронен адрес и достъп
Електронен формат pdf - файл
942 ## - АРТИКУЛИ
Вид на библиотечния материал Книги
Скрит в OPAC Не
999 ## - СИСТЕМНИ КОНТРОЛНИ НОМЕРА
Koha biblionumber 493234
Koha biblioitemnumber 493234
999 ## - СИСТЕМНИ КОНТРОЛНИ НОМЕРА
Koha biblioitemnumber 94792
944 ## - СЪЗДАВАНЕ И РЕДАКЦИЯ на ЗАПИСА
Създаване/Редакция
Дата на регистрацията/редакция Нора Радева
Служител, извършил регистрацията/редакцията 30545
Статус, дата на статуса Нора Радева
Наличности
Код за отписване Код за изгубен артикул Източник на класификационната схема Код за повреда Коз за рестрикции Код за отдаване Артикулен № Име на библиотеката - собственик Име на библиотеката, в която се намира в момента Статус (Текущо местоположение) Дата на вписване в системата Местоположение - отдел Цена в лева Инвентарен номер Систематично азбучна сигнатура Баркод Цена в евро Служебен тип на артикула
  Не е изгубен Universal Decimal Classification Не е повреден само за читалня ползва се в читалня 931864 Регионална библиотека "Любен Каравелов" Русе Регионална библиотека "Любен Каравелов" Русе Хранилище 2023-08-03 Хранилище 27.90 120000890993 Цб 318987 120000890993 14.27 Книги
Vip Innovations Ltd, Rousse, Bulgaria 2025